000 00634nam a2200193Ii 4500
003 JO-AjNU
008 230605s9999||||xx |||||||||||||| ||und||
040 _aJO-AjNU
_bara
_erda
_cJO-AjNU
041 _aara
050 1 4 _aPJ7543.M85 1900
100 3 _aناصف،مصطفى,
_eauthor
_916261
245 0 0 _aقراءة ثانية لشعرنا القديم
264 3 1 _aبيروت: دار الاندلس، 1900
300 _a187ص
336 _atext
_btxt
_2rdacontent
337 _aunmediated
_bn
_2rdamedia
338 _avolume
_bnc
_2rdacarrier
650 4 _aالشعر العربي-الشعر الجاهلي-تاريخ ونقد
_916262
999 _aA4779
_c8347
_d8347